50 Największych Miast w Państwach Bałkańskich na Mapie - Statystyki

Ogólne statystyki
  • Ten quiz został rozwiązany 35 razy
  • Średni wynik to 28 z 50
Odpowiedzi na mapie
Odpowiedzi zakodowano w zielono-czerwonej skali na mapie do tego quizu, zgodnie z poniższymi procentami.
 
Statystyki odpowiedzi
Państwo Miasto Populacja % Poprawnych
Serbia Belgrad 1,2 mln
100%
Grecja Ateny 3,1 mln
97%
Macedonia Północna Skopje 420k
97%
Albania Tirana 390k
97%
Rumunia Bukareszt 1,7 mln
93%
Mołdawia Kiszyniów 565k
93%
Słowenia Lublana 290k
93%
Grecja Saloniki 800k
93%
Bośnia i Hercegowina Sarajewo 350k
93%
Bułgaria Sofia 1,2 mln
93%
Chorwacja Split 150k
93%
Chorwacja Zagrzeb 660k
93%
Bułgaria Warna 320k
86%
Serbia Nowy Sad 260k
79%
Kosowo Prisztina 140k
79%
Bułgaria Płowdiw 330k
76%
Chorwacja Rijeka 110k
76%
Mołdawia Tyraspol 120k
76%
Rumunia Kluż-Napoka 285k
69%
Rumunia Konstanca 265k
66%
Słowenia Maribor 100k
66%
Grecja Heraklion 160k
62%
Bośnia i Hercegowina Banja Luka 135k
55%
Rumunia Braszów 240k
55%
Bułgaria Burgas 190k
55%
Rumunia Jassy 270k
55%
Serbia Nisz 180k
55%
albania Durres 100k
52%
Rumunia Timisoara 250k
52%
Rumunia Oradea 180k
48%
Rumunia Ploeszti 180k
41%
Grecja Patras 200k
38%
Rumunia Gałacz 220k
34%
Rumunia Krajowa 235k
34%
Rumunia Arad 145k
31%
Rumunia Baia Mare 110k
31%
Serbia Kragujevac 145k
31%
Grecja Larisa 150k
31%
Bułgaria Ruse 120k
31%
Rumunia Satu Mare 90k
31%
Bułgaria Stara Zagora 120k
31%
Rumunia Sybin 135k
31%
Rumunia Braiła 155k
28%
Rumunia Pitesti 140k
28%
Rumunia Bacau 135k
17%
Rumunia Targu Mures 115k
17%
Grecja Wolos 130k
17%
Rumunia Buzau 100k
14%
Rumunia Ramnicu Valcea 95k
7%
Grecja Acharnes 100k
3%
Nie znaleziono quizów pasujących do podanych kryteriów
Rozkład punktacji
Procent ludzi z każdym wynikiem
Percentyl według liczby udzielonych odpowiedzi
Twoja historia wyników
Nie rozwiązałeś tego quizu